Climate change / (Record no. 9284)

MARC details
000 -LEADER
fixed length control field 01821pam a22004457a 4500
001 - CONTROL NUMBER
control field 15118502
003 - CONTROL NUMBER IDENTIFIER
control field OSt
005 - DATE AND TIME OF LATEST TRANSACTION
control field 20240724101339.0
008 - FIXED-LENGTH DATA ELEMENTS--GENERAL INFORMATION
fixed length control field 071219s2007 enka b 001 0 eng
010 ## - LIBRARY OF CONGRESS CONTROL NUMBER
LC control number 2007531652
Canceled/invalid LC control number 2008353901
016 ## - NATIONAL BIBLIOGRAPHIC AGENCY CONTROL NUMBER
Record control number 20079032974
020 ## - INTERNATIONAL STANDARD BOOK NUMBER
International Standard Book Number 9780745325811 (Pluto hardback)
020 ## - INTERNATIONAL STANDARD BOOK NUMBER
International Standard Book Number 9780745325804 (Pluto pbk.)
020 ## - INTERNATIONAL STANDARD BOOK NUMBER
International Standard Book Number 9781552662526 (Fernwood)
020 ## - INTERNATIONAL STANDARD BOOK NUMBER
International Standard Book Number 9781420256048 (Palgrave Macmillan)
020 ## - INTERNATIONAL STANDARD BOOK NUMBER
International Standard Book Number 9781770093805 (Jacana)
035 ## - SYSTEM CONTROL NUMBER
System control number (OCoLC)ocn132306743
040 ## - CATALOGING SOURCE
Original cataloging agency NLC
Language of cataloging eng
Transcribing agency MUST
Modifying agency YDXCP
-- BAKER
-- BTCTA
-- DLC
042 ## - AUTHENTICATION CODE
Authentication code lccopycat
050 00 - LIBRARY OF CONGRESS CALL NUMBER
Classification number QC981.8.C5
Item number J39 2007
082 ## - DEWEY DECIMAL CLASSIFICATION NUMBER
Classification number 362 JAR 2007
100 1# - MAIN ENTRY--PERSONAL NAME
Personal name Jarman, Melanie.
9 (RLIN) 18976
245 10 - TITLE STATEMENT
Title Climate change /
Statement of responsibility, etc. Melanie Jarman.
260 ## - PUBLICATION, DISTRIBUTION, ETC. (IMPRINT)
Place of publication, distribution, etc. London ;
-- Ann arbor, MI :
Name of publisher, distributor, etc. Pluto Press ;
Place of publication, distribution, etc. Halifax :
Name of publisher, distributor, etc. Fernwood Pub. ;
Place of publication, distribution, etc. South Yarra, Australia :
Name of publisher, distributor, etc. Palgrave Macmillan ;
Place of publication, distribution, etc. Auckland Park, South Africa :
Name of publisher, distributor, etc. Jacana,
Date of publication, distribution, etc. 2007.
300 ## - PHYSICAL DESCRIPTION
Extent xi, 193 p. :
Other physical details ill. ;
Dimensions 18 cm.
440 #0 - SERIES STATEMENT/ADDED ENTRY--TITLE
Title Small guides to big issues
9 (RLIN) 18977
504 ## - BIBLIOGRAPHY, ETC. NOTE
Bibliography, etc Includes bibliographical references (p. [150]-158) and index.
650 #0 - SUBJECT ADDED ENTRY--TOPICAL TERM
Topical term or geographic name as entry element Climatic changes.
9 (RLIN) 16228
650 #0 - SUBJECT ADDED ENTRY--TOPICAL TERM
Topical term or geographic name as entry element Climatic changes
General subdivision Government policy.
9 (RLIN) 14299
650 #0 - SUBJECT ADDED ENTRY--TOPICAL TERM
Topical term or geographic name as entry element Climatic changes
General subdivision Political aspects.
9 (RLIN) 18978
650 #0 - SUBJECT ADDED ENTRY--TOPICAL TERM
Topical term or geographic name as entry element Greenhouse effect, Atmospheric.
9 (RLIN) 18979
650 #6 - SUBJECT ADDED ENTRY--TOPICAL TERM
Topical term or geographic name as entry element Climat
General subdivision Changements.
9 (RLIN) 18980
650 #6 - SUBJECT ADDED ENTRY--TOPICAL TERM
Topical term or geographic name as entry element Climat
General subdivision Changements
-- Politique gouvernementale.
9 (RLIN) 18981
650 #6 - SUBJECT ADDED ENTRY--TOPICAL TERM
Topical term or geographic name as entry element Climat
General subdivision Changements
-- Aspect politique.
9 (RLIN) 18982
650 #6 - SUBJECT ADDED ENTRY--TOPICAL TERM
Topical term or geographic name as entry element Effet de serre (Météorologie)
9 (RLIN) 18983
856 41 - ELECTRONIC LOCATION AND ACCESS
Materials specified Table of contents
Uniform Resource Identifier http://www.loc.gov/catdir/toc/fy0803/2007531652.html
906 ## - LOCAL DATA ELEMENT F, LDF (RLIN)
a 7
b cbc
c copycat
d 2
e ncip
f 20
g y-gencatlg
942 ## - ADDED ENTRY ELEMENTS (KOHA)
Source of classification or shelving scheme Dewey Decimal Classification
Koha item type Open Shelf
Holdings
Withdrawn status Lost status Source of classification or shelving scheme Damaged status Not for loan Home library Current library Date acquired Source of acquisition Inventory number Total Checkouts Full call number Barcode Date last seen Price effective from Koha item type
    Dewey Decimal Classification     MUST Main Library MUST Main Library 24/07/2024 Donation 2009/31857   362 JAR 2007 2024-22164 24/07/2024 24/07/2024 Open Shelf